|
|
|
|
| LEADER |
01162nam a22002897a 4500 |
| 001 |
29587 |
| 003 |
BD-DhAAL |
| 005 |
20150811122314.0 |
| 008 |
151011s2008 ch a 000 0 eng d |
| 020 |
|
|
|a 9787119054483
|
| 040 |
|
|
|a BD-DhAAL
|c BD-DhAAL
|
| 050 |
0 |
4 |
|a TK7887.8.T4
|b B36 2008
|
| 082 |
0 |
4 |
|2 22
|a 613.71489
|
| 100 |
1 |
|
|a Baowei, Guo,
|d 1948-
|9 13622
|
| 245 |
1 |
0 |
|a 8 minute exercises for computer users /
|c Guo Baowei and Tom Winiata
|
| 246 |
3 |
|
|a Eight minute exercises for computer users
|
| 260 |
|
|
|a Beijing :
|b Foreign Languages Press,
|c 2008
|
| 300 |
|
|
|a 139 p. :
|b ill. ;
|c 22 cm
|
| 504 |
|
|
|6 Includes bibliographical references and index
|
| 541 |
|
|
|e 29587
|
| 650 |
|
0 |
|a Computer terminals
|x Health aspects
|9 13623
|
| 650 |
|
0 |
|a Computer terminals
|x Physiological aspects
|9 13624
|
| 650 |
|
0 |
|a Overuse injuries
|x Prevention
|9 13625
|
| 700 |
1 |
|
|a Winiata, Tom
|9 13626
|
| 942 |
|
|
|2 ddc
|c BK
|
| 999 |
|
|
|c 35193
|d 35193
|
| 952 |
|
|
|0 0
|1 0
|2 ddc
|4 0
|6 613_714890000000000_BAO
|7 0
|9 55178
|a BRACUL
|b BRACUL
|c GEN
|d 2015-08-11
|e BRAC Institute of Language (BIL)
|l 1
|o 613.71489 BAO
|p 3010029587
|r 2025-11-16
|s 2025-11-05
|t 1
|w 2015-08-11
|y BK
|x Transferred from BIL to BRACUL on 06/06/22
|